Курс аналитической химии ... Т. 2: Количественный анализ (Запись № 13622289)
[ простой вид ]
| 000 -МАРКЕР | |
|---|---|
| контрольное поле | 01715nam2a2200241 4500 |
| 001 - ИДЕНТИФИКАТОР ЗАПИСИ | |
| контрольное поле | rc\3037492 |
| 005 - ИДЕНТИФИКАТОР ВЕРСИИ | |
| контрольное поле | 20260315065413.0 |
| 035 ## - ДРУГИЕ СИСТЕМНЫЕ НОМЕРА | |
| Идентификатор записи | (NLR Aleph) 007177975 |
| 100 ## - ДАННЫЕ ОБЩЕЙ ОБРАБОТКИ | |
| Данные общей обработки | 20111005d1935 u y0rusy50 ca |
| 101 1# - ЯЗЫК РЕСУРСА | |
| Язык текста, звукозаписи и т.д. | русский |
| Язык оригинала | английский |
| 102 ## - СТРАНА ПУБЛИКАЦИИ ИЛИ ПРОИЗВОДСТВА | |
| Страна публикации | Российская Федерация |
| 105 ## - ПОЛЕ КОДИРОВАННЫХ ДАННЫХ: ТЕКСТОВЫЕ МАТЕРИАЛЫ, МОНОГРАФИЧЕСКИЕ | |
| Кодированные данные о монографическом текстовом документе | a z ||||| |
| 200 1# - ЗАГЛАВИЕ И СВЕДЕНИЯ ОБ ОТВЕТСТВЕННОСТИ | |
| Основное заглавие | Количественный анализ |
| Первые сведения об ответственности | Пер. с 7 англ. изд. под ред. и с доп. проф. А.С. Комаровского |
| Обозначение и номер части | Ч. 2 и 3 |
| Наименование части | Объемный и газовый анализ |
| 210 ## - ПУБЛИКАЦИЯ, РАСПРОСТРАНЕНИЕ И ДР. | |
| Дата издания, распространения и т.д. | 1935 |
| 215 ## - ФИЗИЧЕСКАЯ ХАРАКТЕРИСТИКА | |
| Специфическое обозначение материала и объем | Переплет, 324 с. |
| Другие сведения о физической характеристике | ил. |
| 461 #0 - УРОВЕНЬ НАБОРА | |
| Встроенное поле | 001rc\3037491 |
| -- | 2001#$aКурс аналитической химии ...$eУтв. Ком. по высш. техн. образ. при ЦИК СССР в качестве учеб. пособия для хим. втузов$fФ. Тредвелл, проф. Цюрихск. политехникума. В. Голл, проф. Массачузетск. технол. ин-та$vТ. 2 |
| -- | 700#1$aТредвел$bФ.П.$gФредерик Пирсон$f1857-1918 |
| Системный номер (АБИС) связанной записи | 7412617 |
| Автор | Тредвел, Ф.П. (1857-1918) |
| Место публикации | Москва |
| Дата публикации | 1935 |
| Издание | 7-е изд. |
| Первые сведения об ответственности | Ф. Тредвелл, проф. Цюрихск. политехникума. В. Голл, проф. Массачузетск. технол. ин-та |
| Имя издателя, распространителя и т.д. | ОНТИ. Гл. ред. хим. лит. |
| Сведения, относящиеся к заглавию | Утв. Ком. по высш. техн. образ. при ЦИК СССР в качестве учеб. пособия для хим. втузов |
| Заглавие | Курс аналитической химии ... |
| Номер тома | Т. 2 |
| 702 #1 - ИМЯ ЛИЦА - ВТОРИЧНАЯ ОТВЕТСТВЕННОСТЬ | |
| Начальный элемент ввода | Комаровский |
| Часть имени, кроме начального элемента ввода | А.С. |
| Код отношения | Редактор |
| 801 #0 - ИСТОЧНИК ЗАПИСИ | |
| Страна | Российская Федерация |
| Организация | NLR |
| Правила каталогизации | psbo |
| 801 #1 - ИСТОЧНИК ЗАПИСИ | |
| Страна | Российская Федерация |
| Организация | ELAR |
| Источник данных | rusmarc |
| 852 ## - МЕСТОНАХОЖДЕНИЕ И ШИФР ХРАНЕНИЯ | |
| Идентификатор организации | NLR |
| Шифр хранения (Call Number) | 31-18/158(2) |
| 942 ## - ДОПОЛНИТЕЛЬНЫЕ ЭЛЕМЕНТЫ ЗАПИСИ (АБИС) | |
| Тип экземпляра АБИС | Неопределено |
| 980 ## - КОЛЛЕКЦИЯ | |
| Название коллекции | Национальная библиография |
Нет доступных экземпляров.